All 63 U.S. National Parks by Picture - Hard Version - Statistics

General Stats
  • This quiz has been taken 121 times
  • The average score is 46 of 63
Answer Stats
Picture Answer % Correct
Arches
95%
Yellowstone
94%
Acadia
92%
Gateway Arch
92%
Sequoia
92%
Everglades
91%
Mammoth Cave
91%
Crater Lake
90%
Dry Tortugas
90%
Yosemite
90%
White Sands
88%
Joshua Tree
87%
Saguaro
87%
Bryce Canyon
86%
Mesa Verde
86%
Carlsbad Caverns
84%
Badlands
82%
Denali
82%
Grand Canyon
81%
Hawai'i Volcanoes
81%
Big Bend
79%
Mount Rainier
77%
New River Gorge
77%
Redwood
77%
Black Canyon of the Gunnison
76%
Zion
76%
Biscayne
75%
Grand Teton
75%
Great Smoky Mountains
75%
Indiana Dunes
75%
Congaree
74%
Great Sand Dunes
74%
Death Valley
73%
Glacier
73%
Shenandoah
73%
Canyonlands
72%
Olympic
71%
Cuyahoga Valley
70%
American Samoa
68%
Theodore Roosevelt
68%
Channel Islands
67%
Hot Springs
67%
Isle Royale
67%
Wind Cave
67%
Katmai
66%
Capitol Reef
65%
Glacier Bay
65%
Kings Canyon
64%
Petrified Forest
63%
Virgin Islands
63%
Rocky Mountain
62%
Voyageurs
62%
Great Basin
61%
Haleakala
59%
Kenai Fjords
59%
Gates of the Arctic
58%
North Cascades
58%
Pinnacles
58%
Wrangell-St. Elias
58%
Lake Clark
57%
Guadalupe Mountains
56%
Kobuk Valley
54%
Lassen Volcanic
54%
No matching quizzes found
Score Distribution
Percent of People with Each Score
Percentile by Number Answered
Your Score History
You have not taken this quiz